| 000 | 00540nam a2200181Ia 4500 | ||
|---|---|---|---|
| 001 | 8923 | ||
| 005 | 20260306160645.0 | ||
| 008 | 260306t2011||||xx |||||||||||||| ||spa|| | ||
| 041 | _aESP | ||
| 082 |
_a371.926 _bA67 |
||
| 100 |
_aArbones Fernández, Beatriz _eAUT |
||
| 245 | 0 |
_aDetección, prevención y tratamiento de dificultades del aprendizaje: _bcómo descubrir, tratar y prevenir los problemas en cada escuela |
|
| 260 | _c2011 | ||
| 300 |
_a158 páginas : _c24 cm. |
||
| 650 | _aGEN | ||
| 654 | _aCED | ||
| 942 |
_cLIB _dJUS _fJUS _2ddc _n |
||
| 999 |
_c8923 _d8923 |
||